| 000 | 01295cam a22003738a 4500 | ||
|---|---|---|---|
| 999 |
_c7325 _d7325 |
||
| 001 | 16322392 | ||
| 003 | OSt | ||
| 005 | 20190207144755.0 | ||
| 008 | 100708s2011 nyu b 001 0 eng | ||
| 010 | _a 2010028815 | ||
| 020 | _a9781594034879 (hardcover : alk. paper) | ||
| 020 | _a1594034877 (hardcover : alk. paper) | ||
| 040 |
_aDLC _cDLC _dDLC |
||
| 043 |
_aa-su--- _an-us--- |
||
| 050 | 0 | 0 |
_aDS244.63 _b.T35 2011 |
| 082 | 0 | 0 |
_a953.8 _222 _bT128K |
| 100 | 1 | _aTaheri, Amir. | |
| 245 | 1 | 4 |
_aThe kingdom of Allah : _bthe struggle for Saudi Arabia / _cby Amir Taheri. |
| 260 |
_aNew York : _bEncounter Books, _c2011. |
||
| 263 | _a1308 | ||
| 300 | _ap. cm. | ||
| 504 | _aIncludes bibliographical references and index. | ||
| 600 | 3 | 0 | _aĀl Saʻūd, House of. |
| 650 | 0 |
_aPolitical culture _zSaudi Arabia. |
|
| 650 | 0 |
_aIslam and politics _zSaudi Arabia. |
|
| 650 | 0 |
_aIslam and state _zSaudi Arabia. |
|
| 651 | 0 |
_aSaudi Arabia _xPolitics and government. |
|
| 651 | 0 |
_aSaudi Arabia _xSocial conditions. |
|
| 651 | 0 |
_aSaudi Arabia _xForeign relations _zUnited States. |
|
| 651 | 0 |
_aUnited States _xForeign relations _zSaudi Arabia. |
|
| 906 |
_a7 _brix _corignew _d1 _eecip _f20 _gy-gencatlg |
||
| 942 |
_2ddc _cBK |
||